000 00839nam a2200241 i 4500
001 182643
003 ES-MaACL
005 20250727025009.0
008 131008s2012 sp | |||||||| | spa d
020 _a978-84-938991-5-8
080 _a39:2
100 1 _aPuente Ojea, Gonzalo.
_994161
245 1 0 _aCrítica antropológica de la religión :
_blas sendas equivocadas del conocimiento humano /
_cGonzalo Puente Ojea.
260 _aSalamanca ;
_aMadrid :
_bSignifer Libros,
_c2012.
300 _a246 p. ;
_c24 cm.
490 1 _aThema mundi ;
_v4
504 _aBibliografía: p. [245]-246.
650 7 _aAntropología de la religión
_2embne
_9153582
830 0 _aThema mundi ;
_v4
_9224868
852 _aES-MaACL
_jA-12796
_9189560
_bR.149017
_cDEPO1
_dOlim: N-5796
942 _2udc
_cMONOGRAFIA
999 _c182643
_d182643